书目信息 |
| 题名: |
遥感原理与应用教学辅导
|
|
| 作者: | 龚龑 , 方圣辉 , 彭漪 编著 | |
| 分册: | ||
| 出版信息: | 武汉 武汉大学出版社 2024.09 |
|
| 页数: | 202页 | |
| 开本: | 26cm | |
| 丛书名: | 高等学校遥感信息工程实践与创新系列教材 | |
| 单 册: | ||
| 中图分类: | TP7 | |
| 科图分类: | ||
| 主题词: | 遥感技术--yao gan ji shu--高等学校--教材 | |
| 电子资源: | ||
| ISBN: | 978-7-307-24403-0 | |
| 000 | 01382nam 2200289 450 | |
| 001 | 94963 | |
| 005 | 20250821082718.30 | |
| 010 | @a978-7-307-24403-0@dCNY48.00 | |
| 100 | @a20241109d2024 em y0chiy50 ea | |
| 101 | 0 | @achi |
| 102 | @aCN@b420000 | |
| 105 | @aa a 000yy | |
| 106 | @ar | |
| 200 | 1 | @a遥感原理与应用教学辅导@Ayao gan yuan li yu ying yong jiao xue fu dao@e扩展、辨析与实践@f龚龑, 方圣辉, 彭漪编著 |
| 210 | @a武汉@c武汉大学出版社@d2024.09 | |
| 215 | @a202页@c图@d26cm | |
| 225 | 2 | @a高等学校遥感信息工程实践与创新系列教材@Agao deng xue xiao yao gan xin xi gong cheng shi jian yu chuang xin xi lie jiao cai |
| 320 | @a有书目 | |
| 330 | @a本书由上篇和下篇两部分构成, 上篇为“知识要点与扩展”, 对“遥感原理与应用”课程章节逐一从知识要义和知识扩展方面进行辅导, 包括绪论、电磁波与遥感物理基础、遥感平台与传感器、遥感影像几何处理、遥感影像辐射校正和遥感影像分类与目标识别等 ; 下篇为“数据处理应用实践”, 以典型农业遥感应用案例贯穿, 对教材涉及的遥感数据几何处理、辐射处理和遥感产品制作等环节进行具体说明。在附录中对各章的典型习题进行了解析。 | |
| 410 | 0 | @12001 @a高等学校遥感信息工程实践与创新系列教材 |
| 606 | 0 | @a遥感技术@Ayao gan ji shu@x高等学校@j教材 |
| 690 | @aTP7@v5 | |
| 701 | 0 | @a龚龑@Agong yan@4编著 |
| 701 | 0 | @a方圣辉@Afang sheng hui@4编著 |
| 701 | 0 | @a彭漪@Apeng yi@4编著 |
| 801 | 0 | @aCN@c20250909 |
| 905 | @a河南城建学院图书馆@dTP7@eG397 | |
| 遥感原理与应用教学辅导:扩展、辨析与实践/龚龑, 方圣辉, 彭漪编著.-武汉:武汉大学出版社,2024.09 |
| 202页:图;26cm.-(高等学校遥感信息工程实践与创新系列教材) |
| ISBN 978-7-307-24403-0:CNY48.00 |
| 本书由上篇和下篇两部分构成, 上篇为“知识要点与扩展”, 对“遥感原理与应用”课程章节逐一从知识要义和知识扩展方面进行辅导, 包括绪论、电磁波与遥感物理基础、遥感平台与传感器、遥感影像几何处理、遥感影像辐射校正和遥感影像分类与目标识别等 ; 下篇为“数据处理应用实践”, 以典型农业遥感应用案例贯穿, 对教材涉及的遥感数据几何处理、辐射处理和遥感产品制作等环节进行具体说明。在附录中对各章的典型习题进行了解析。 |
| ● |
| 相关链接 |
|
|
|
正题名:遥感原理与应用教学辅导
索取号:TP7/G397
 
预约/预借
| 序号 | 登录号 | 条形码 | 馆藏地/架位号 | 状态 | 备注 |
| 1 | 1630584 | 216305843 | 自科库301/301自科库 136排1列4层/ [索取号:TP7/G397] |
已借出,限还日期为2026.07.17 借出人:叶玉丽 |